000 00547nam a22001937a 4500
003 OSt
005 20160701174606.0
008 160701b xxu||||| |||| 00| 0 eng d
020 _a0896035239
040 _cDNLM.
082 _aQZ26918 1999.
100 _aGunderson,L.Leonard;
_99917
245 _aIntraoperative Irradiation.
_bTechnique and Result.
260 _aTotowa,
_aNew Jersey;
_bHuman Press.
_c1999.
300 _axvii,550p;
_bill;
_c26cm;
504 _aincludes references and index.
650 _aIrradiation;
_99918
942 _2z
_cO_SHELF
999 _c4611
_d4611